000 00587nam a22001577a 4500
003 OSt
005 20151028152441.0
008 151028b xxu||||| |||| 00| 0 eng d
040 _cRUA
082 _aATM.Sp HUO 2003 B064 Or.1
100 _93041
_aHUOT, NAMCHHUON.
245 _aRubber seed-bed and nussery at memot plantation, ការងារៀបចមធ្វើថ្នាល និងបណ្តុះកូនកៅស៊ូនៅតាមចំការកៅស៊ូមេមត់
260 _aPhnom Penh
_bRUA
_c2003
300 _a46p.
_bill.
_c29cm.
942 _2ddc
_cATMSP
999 _c2835
_d2835